Southville International School and Colleges
Your cart is empty.
  • Cart
  • Lists
    Public lists Eva Luna New books Lux_list list_1
    Your lists Log in to create your own lists
  • Log in to your account
  • Your cookies
  • Search history
Southville International School and Colleges
  • Advanced search
  • Recent comments
  • Most popular
  • Libraries

Log in to your account

Log in with GOOGLE


If you do not have an external account, but do have a local account, you can still log in:

  1. Home
  2. MARC view: Encyclopedia of knowledge /
Normal view MARC view ISBD view

Encyclopedia of knowledge / (Record no. 282560)

[ view plain ]
MARC details
000 -LEADER
fixed length control field 00808nam a2200253 a 4500
001 - CONTROL NUMBER
control field 620395
005 - DATE AND TIME OF LATEST TRANSACTION
control field 20150209140230.0
008 - FIXED-LENGTH DATA ELEMENTS--GENERAL INFORMATION
fixed length control field 920224s1991 ctuab e 001 0deng
010 ## - LIBRARY OF CONGRESS CONTROL NUMBER
LC control number 92121098
020 ## - INTERNATIONAL STANDARD BOOK NUMBER
International Standard Book Number 9781445425740
040 ## - CATALOGING SOURCE
Original cataloging agency DLC
Transcribing agency DLC
050 00 - LIBRARY OF CONGRESS CALL NUMBER
Classification number AE 5
Item number .Ex478 2013
082 00 - DEWEY DECIMAL CLASSIFICATION NUMBER
Classification number 031
245 00 - TITLE STATEMENT
Title Encyclopedia of knowledge /
260 ## - PUBLICATION, DISTRIBUTION, ETC. (IMPRINT)
Place of publication, distribution, etc Danbury, Conn. :
Name of publisher, distributor, etc Grolier,
Date of publication, distribution, etc c2013.
300 ## - PHYSICAL DESCRIPTION
Extent 20 pages :
Other physical details illustrations (some color), color maps ;
Dimensions 25 cm.
500 ## - GENERAL NOTE
General note Includes index.
650 #0 - SUBJECT ADDED ENTRY--TOPICAL TERM
Topical term or geographic name as entry element Encyclopedias and dictionaries.
710 2# - ADDED ENTRY--CORPORATE NAME
Corporate name or jurisdiction name as entry element Grolier Incorporated.
740 0# - ADDED ENTRY--UNCONTROLLED RELATED/ANALYTICAL TITLE
Uncontrolled related/analytical title Grolier encyclopedia of knowledge.
906 ## - LOCAL DATA ELEMENT F, LDF (RLIN)
a 7
b cbc
c orignew
d 2
e ncip
f 19
g y-gencatlg
942 ## - ADDED ENTRY ELEMENTS (KOHA)
Source of classification or shelving scheme Library of Congress Classification
Koha item type Books
Holdings
Withdrawn status Lost status Source of classification or shelving scheme Damaged status Home library Current library Shelving location Date acquired Source of acquisition Sub Shelving location Total Checkouts Full call number Barcode Date last seen Price effective from Koha item type
    Library of Congress Classification   Luxembourg Library Luxembourg Library Reference Section 02/09/2015 Library Fund     AE 5 .Ex478 2013 19897 04/04/2016 02/09/2015 Books

Encyclopedia of knowledge /

APA

Grolier Incorporated, . (2013). Encyclopedia of knowledge. Danbury, Conn: Grolier.

Chicago

Grolier Incorporated, . 2013. Encyclopedia of knowledge. Danbury, Conn: Grolier.

Harvard

Grolier Incorporated, . (2013). Encyclopedia of knowledge. Danbury, Conn: Grolier.

MLA

Grolier Incorporated, . Encyclopedia of knowledge. Danbury, Conn: Grolier. 2013.

  • Place hold
  • Print
  • Cite
  • Add to your cart (remove)
  • Save record
    BIBTEX Dublin Core MARCXML MARC (non-Unicode/MARC-8) MARC (Unicode/UTF-8) MARC (Unicode/UTF-8, Standard) MODS (XML) RIS
  • More searches
    Search for this title in:
    Other Libraries (WorldCat) Other Databases (Google Scholar) Online Stores (Bookfinder.com) Open Library (openlibrary.org)

Exporting to Dublin Core...

SOUTHVILLE LIBRARY

Southville International School and Colleges Library

1281 Tropical Ave. Cor. Luxembourg St., BF Homes International, Las Pinas City

Tel. No. 8256374 / 252358 Loc. 117/146

Powered by Koha